Statistiques concernant Culture Générale - Série 1881

Cliquez ici pour prendre le quiz!

Statistiques générales

  • Ce quiz a été pris 38 fois
  • Le résultat moyen est 3 sur 10

Statistiques - réponses

QuestionRéponse% Correct
De quel pays est originaire la pâte de soja appelée "miso" ?Japon
75%
Quelle est la devise monétaire de la Chine ?yuan
69%
Dans quel département français se trouve la ville de Béziers ?Hérault
69%
"Histoires extraordinaires" est un recueil de nouvelles écrites en 1856 par ....Edgar Allan Poe
39%
Quelle ville française est située au confluent de la Loire et de l'Erdre ?Nantes
36%
Quel mot de 6 lettres commençant par "s" est le synonyme de "luxure, débauche" ?stupre
31%
Quel nom donne-t-on au maquereau (poisson) qui n'a pas encore atteint la taille adulte ?lisette
17%
Ce mot désigne un arbre ou un mollusque de mer ? voir photoormeau
3%
La céruse est une poudre à base de plomb qui était utilisée dans la peinture en bâtiment, et appelée familièrement "blanc de ....Saturne
0%
Autrefois, comment appelait-on le saltimbanque qui faisait des tours d'acrobatie, d'escamotage, sur les places publiques, dans les foires ?bateleur
0%

Distribution des résultats

Percentile par nombre de réponses

% des personnes avec chaque résultat

Votre développement - résultats

Vous n’avez pas pris ce quiz